Countries Bordering 'E' Countries - Statistics

General Stats
  • This quiz has been taken 1,054 times
  • The average score is 15 of 18
Answer Stats
Country % Correct
Sudan
94%
Latvia
93%
Russia
91%
Somalia
91%
Colombia
88%
Djibouti
88%
South Sudan
88%
Peru
87%
Libya
86%
Eritrea
81%
Ethiopia
81%
Honduras
80%
Kenya
80%
Guatemala
78%
Indonesia
72%
Israel
70%
Gabon
69%
Cameroon
66%
No matching quizzes found
Score Distribution
Percent of People with Each Score
Percentile by Number Answered
Your Score History
You have not taken this quiz